000 00291nam a22001337a 4500
008 170227b xxu||||| |||| 00| 0 eng d
020 _a9780721681863
041 _aeng
080 _a617
100 _a5
101 _aSHK
245 _aESSENTIALS OF SURGERY
_cBECKER.J.M
942 _2udc
_cBK
999 _c6288
_d6288